[Event "Tournoi Skype 008"]
[Site "Skype"]
[Date "????.??.??"]
[Round "3.9"]
[White "Ramirez, Rodrigo"]
[Black "De Leener, Luc"]
[Result "1-0"]
[WhiteElo "1499"]
[BlackElo "1704"]
[PlyCount "129"]

1. c4 e5 2. d4 exd4 3. Qxd4 Nc6 4. Qd2 Nf6 5. Nc3 Bc5 6. e4 d6 7. Nf3 O-O 8.
Bd3 Bg4 9. Qe2 Nd4 10. Qd1 Re8 11. Bg5 Qe7 12. O-O Nxf3+ 13. gxf3 Bh3 14. Nd5
Qd8 15. Re1 c6 16. Nxf6+ gxf6 17. Bh4 Kh8 18. Bg3 Rg8 19. Qd2 Qf8 20. b4 Bd4
21. Rac1 Be5 22. f4 Qh6 23. Kh1 Bd4 24. Rg1 Bg4 25. Be2 Bxe2 26. Qxe2 c5 27.
Rcd1 Rae8 28. bxc5 dxc5 29. Rg2 Qg6 30. f3 h5 31. f5 Qh6 32. Qd2 Be3 33. Qa5 h4
34. Bf2 Rxg2 35. Kxg2 Rg8+ 36. Kf1 Bxf2 37. Kxf2 Qf4 38. Qd2 Qxh2+ 39. Ke3
Qxd2+ 40. Rxd2 Rg5 41. Kf4 h3 42. Rh2 Rh5 43. Kg4 Rh6 44. a4 Kg7 45. Rxh3 Rxh3
46. Kxh3 Kf8 47. Kg4 Ke7 48. f4 b6 49. e5 a6 50. Kf3 fxe5 51. fxe5 Kd7 52. Ke4
Kc6 53. f6 Kd7 54. Kd5 a5 55. Ke4 Ke6 56. Kf4 Kd7 57. Kf5 Ke8 58. e6 Kf8 59.
Ke5 Ke8 60. Kd6 fxe6 61. Kxe6 Kf8 62. f7 b5 63. cxb5 c4 64. b6 c3 65. b7 1-0

[Event "Tournoi Skype 008"]
[Site "Skype"]
[Date "????.??.??"]
[Round "3.10"]
[White "Tayyab, Sheikh"]
[Black "Bourdeau, Yvan"]
[Result "0-1"]
[WhiteElo "1499"]
[BlackElo "1607"]
[PlyCount "54"]

1. e4 c5 2. Bc4 d6 3. Qf3 Nf6 4. Bb5+ Nc6 5. e5 Ng4 6. Nh3 Ngxe5 7. Bxc6+ bxc6
8. Qf4 e6 9. O-O Bb7 10. d4 cxd4 11. Qxd4 c5 12. Qc3 h6 13. Bf4 Ng6 14. Nd2
Nxf4 15. Nxf4 Qg5 16. g3 h5 17. b4 Be7 18. bxc5 O-O 19. Rab1 Ba6 20. Nf3 Qxc5
21. Qxc5 dxc5 22. Rfd1 Rad8 23. Nxh5 Rxd1+ 24. Rxd1 Be2 25. Rd7 Bxf3 26. Rxe7
Rd8 27. h3 Rd1+ 0-1

[Event "Tournoi Skype 008"]
[Site "Skype"]
[Date "????.??.??"]
[Round "3.11"]
[White "Le Brun, Yves"]
[Black "Capdeville, Jean"]
[Result "1-0"]
[WhiteElo "1607"]
[BlackElo "1494"]
[PlyCount "49"]

1. d4 d5 2. Nf3 e6 3. c4 Nf6 4. Nc3 Nbd7 5. Bg5 Be7 6. e3 c6 7. a3 h6 8. Bh4 a6
9. Bd3 b5 10. cxd5 cxd5 11. b4 O-O 12. O-O Bb7 13. h3 Bc6 14. Rc1 a5 15. Na2
Qb6 16. Qb3 axb4 17. Nxb4 Rfc8 18. Nxc6 Rxa3 19. Nxe7+ Kf8 20. Rxc8+ Kxe7 21.
Qxa3+ b4 22. Qb3 Qb7 23. Rfc1 g5 24. R8c7 Qb5 25. Bxb5 1-0

[Event "Tournoi Skype 008"]
[Site "Skype"]
[Date "????.??.??"]
[Round "3.12"]
[White "Trivedi, Viral"]
[Black "Megelas, Florent"]
[Result "0-1"]
[WhiteElo "1499"]
[BlackElo "1571"]
[PlyCount "58"]

1. e4 e5 2. Bc4 Nf6 3. Nf3 Nc6 4. Ng5 d5 5. exd5 Nxd5 6. d4 exd4 7. Qf3 Qe7+ 8.
Kd1 Nf6 9. Re1 Bg4 10. Rxe7+ Bxe7 11. Bxf7+ Kf8 12. Bc4 Ne5 13. Ne6+ Kf7 14.
Nxc7+ Nxc4 15. Nxa8 Rxa8 16. b3 Bxf3+ 17. gxf3 Ne5 18. Ke2 Rc8 19. f4 Rxc2+ 20.
Kd1 Rxf2 21. fxe5 Ng4 22. h3 Nxe5 23. Nd2 Rh2 24. Ke1 Bh4+ 25. Kf1 d3 26. Kg1
Re2 27. Nf1 Nf3+ 28. Kh1 d2 29. Nxd2 Rh2# 0-1

[Event "Tournoi Skype 008"]
[Site "Skype"]
[Date "????.??.??"]
[Round "3.13"]
[White "Engstrom, Olle"]
[Black "Gharbi, Said"]
[Result "1-0"]
[WhiteElo "1570"]
[BlackElo "1437"]
[PlyCount "93"]

1. e4 e5 2. Nf3 Nc6 3. Bc4 Nf6 4. Ng5 d5 5. exd5 Nxd5 6. Nxf7 Kxf7 7. Qf3+ Ke6
8. Qe4 b6 9. Nc3 Nce7 10. d4 Qd6 11. O-O c6 12. Bg5 h6 13. Bxe7 Bxe7 14. Rad1
Bf6 15. dxe5 Qxe5 16. Qxe5+ Bxe5 17. Rfe1 Bb7 18. f4 Kd7 19. Rxe5 Kc8 20. Bxd5
cxd5 21. Nxd5 Rf8 22. Ne7+ Kb8 23. g3 a5 24. Rd6 Ka7 25. Ree6 b5 26. Nc6+ Kb6
27. Nd8+ Ka7 28. Nxb7 Kxb7 29. Rb6+ Kc7 30. Rxb5 Rfd8 31. Re7+ Kc6 32. Rbe5
Rd1+ 33. Kf2 Rd2+ 34. Ke3 Rad8 35. Rxg7 h5 36. Rg6+ Kc7 37. Rh6 Rd1 38. Re7+
Kc8 39. Rxh5 R8d3+ 40. Ke2 R3d2+ 41. Ke3 Rd8 42. Rhh7 Re1+ 43. Kf2 Red1 44.
Rc7+ Kb8 45. Rb7+ Ka8 46. Ra7+ Kb8 47. Rxa5 1-0

[Event "Tournoi Skype 008"]
[Site "Skype"]
[Date "????.??.??"]
[Round "3.14"]
[White "Loyarte, Frederic"]
[Black "Janssen, Gerard"]
[Result "0-1"]
[WhiteElo "1487"]
[BlackElo "1548"]
[PlyCount "96"]

1. e4 e5 2. Nf3 d6 3. d4 exd4 4. Nxd4 Nf6 5. Nc3 Bg4 6. Be2 Bd7 7. Bg5 Be7 8.
Qd2 Nc6 9. Nxc6 Bxc6 10. Bxf6 Bxf6 11. O-O-O O-O 12. Nd5 Bxd5 13. Qxd5 Rb8 14.
g3 Re8 15. Bc4 Qd7 16. f4 Qe6 17. Rhe1 Re7 18. Re2 a6 19. Qxe6 fxe6 20. f5 Kf8
21. Bxe6 b5 22. b3 a5 23. c4 a4 24. cxb5 axb3 25. axb3 Rxb5 26. Rd3 h5 27. Ra2
Rb8 28. Ra7 g5 29. h3 Kg7 30. Kc2 Be5 31. g4 Kh6 32. Rf3 Bf4 33. Rc3 Be5 34.
Rcxc7 Rxc7+ 35. Rxc7 hxg4 36. hxg4 Ra8 37. Kd3 Ra1 38. Rc2 Rg1 39. Rh2+ Bxh2
40. f6 Rf1 41. Bf5 Be5 42. f7 Kg7 43. Be6 Rc1 44. b4 Kf8 45. b5 Ke7 46. Ke2 Rc5
47. b6 Rb5 48. Kd3 Rxb6 0-1

[Event "Tournoi Skype 008"]
[Site "Skype"]
[Date "????.??.??"]
[Round "3.15"]
[White "Fouquereau, Andre"]
[Black "L'Herbon De Lussats, Jean"]
[Result "0-1"]
[WhiteElo "1535"]
[BlackElo "1428"]
[PlyCount "114"]

1. e4 c5 2. Bc4 Nc6 3. Nf3 e5 4. O-O d6 5. d3 a6 6. a3 Nf6 7. Nc3 b5 8. Ba2 Nd4
9. Nxd4 cxd4 10. Nd5 Be6 11. Bg5 Be7 12. Nxf6+ Bxf6 13. Bxe6 Bxg5 14. Bd5 Ra7
15. Bc6+ Kf8 16. Qe1 Rc7 17. Bd5 Rxc2 18. Rb1 g6 19. Qd1 Qc7 20. Qf3 Kg7 21.
Bb3 Rc5 22. Qg4 Qe7 23. g3 h5 24. Qf3 a5 25. h4 Bh6 26. a4 b4 27. Bc4 Rhc8 28.
b3 Bd2 29. Qg2 Rf8 30. Rb2 Bc3 31. Rc2 f5 32. f3 g5 33. hxg5 Qxg5 34. Re2 f4
35. gxf4 exf4 36. Bd5 Qg3 37. Qxg3+ fxg3 38. Rg2 h4 39. f4 Kh6 40. f5 Kg5 41.
Be6 Re5 42. Bd5 Kg4 43. f6 h3 44. Rc2 g2 45. Rxg2+ hxg2 46. Kxg2 Kg5 47. f7 Kg6
48. Rf3 Rg5+ 49. Kf2 Bd2 50. Rh3 Be3+ 51. Kf3 Rg1 52. Rh4 Rd1 53. Rg4+ Bg5 54.
Ke2 Rd2+ 55. Ke1 Rxd3 56. e5 Re3+ 57. Kd2 Rxe5+ 0-1

[Event "Tournoi Skype 008"]
[Site "Skype"]
[Date "????.??.??"]
[Round "3.16"]
[White "Talbot, Jacques"]
[Black "Malbec, Robert"]
[Result "1-0"]
[WhiteElo "1462"]
[BlackElo "1528"]
[PlyCount "125"]

1. e4 e5 2. Nf3 Nc6 3. Bb5 Bc5 4. c3 Nf6 5. d4 exd4 6. cxd4 Bb4+ 7. Bd2 Bxd2+
8. Nbxd2 d5 9. exd5 Nxd5 10. O-O O-O 11. Re1 Be6 12. Ne4 Bg4 13. Bxc6 bxc6 14.
h3 Bxf3 15. Qxf3 Nb4 16. Qc3 a5 17. a3 Nd5 18. Qxc6 Rb8 19. Nc3 Nf6 20. Nb5 Nd5
21. Re5 Ne7 22. Qxc7 Qxc7 23. Nxc7 Nc6 24. Rb5 Nxd4 25. Rxb8 Rxb8 26. Rd1 Nc6
27. Rc1 Nd4 28. Re1 g6 29. Re8+ Rxe8 30. Nxe8 Kf8 31. Nd6 Ke7 32. Nc4 Nc6 33.
Kf1 Ke6 34. Ke1 Kd5 35. Ne3+ Kc5 36. Kd2 f5 37. Kc3 Kb5 38. Nc2 h5 39. b4 g5
40. bxa5 Kxa5 41. Nb4 Na7 42. Kd4 Nb5+ 43. Ke5 Nxa3 44. Nc6+ Kb6 45. Nd4 f4 46.
Kf5 g4 47. hxg4 hxg4 48. Kxg4 Kc5 49. Ne6+ Kd6 50. Nxf4 Nc4 51. Kg5 Nd2 52. Kh5
Ne4 53. f3 Nf6+ 54. Kg5 Ke5 55. Nh5 Nh7+ 56. Kh6 Nf8 57. g4 Ke6 58. f4 Kf7 59.
g5 Ng6 60. f5 Nf8 61. g6+ Nxg6 62. fxg6+ Kg8 63. g7 1-0

[Event "Tournoi Skype 008"]
[Site "Skype"]
[Date "????.??.??"]
[Round "3.17"]
[White "De Coninck, Philippe"]
[Black "Gerbaux, Regis"]
[Result "1-0"]
[WhiteElo "1526"]
[BlackElo "1351"]
[PlyCount "93"]

1. e4 e5 2. Nf3 Nc6 3. Bb5 a6 4. Bxc6 dxc6 5. d4 exd4 6. Qxd4 Qxd4 7. Nxd4 Bc5
8. Be3 Ne7 9. Nd2 O-O 10. O-O Bg4 11. h3 Bh5 12. a3 Bxd4 13. Bxd4 Rad8 14. Bc3
c5 15. f3 Nc6 16. Rad1 f6 17. Nb3 b6 18. Rd2 Rd6 19. Rfd1 Rfd8 20. Nc1 Rxd2 21.
Rxd2 Bf7 22. Rxd8+ Nxd8 23. f4 Nc6 24. Kf2 Nd4 25. Bxd4 cxd4 26. Nb3 Bxb3 27.
cxb3 Kf7 28. Ke2 Ke6 29. Kd3 c5 30. b4 Kd6 31. bxc5+ bxc5 32. Kc4 g6 33. g4 h6
34. h4 g5 35. hxg5 hxg5 36. fxg5 fxg5 37. b4 cxb4 38. axb4 Ke5 39. Kd3 Kf4 40.
Kxd4 Kxg4 41. e5 Kf5 42. Kd5 g4 43. e6 Kf6 44. Kd6 g3 45. e7 g2 46. e8=Q g1=Q
47. Qf8+ 1-0

[Event "Tournoi Skype 008"]
[Site "Skype"]
[Date "????.??.??"]
[Round "3.18"]
[White "Saidi, Bhen"]
[Black "Antonic, Nenad"]
[Result "1-0"]
[WhiteElo "1436"]
[BlackElo "1525"]
[PlyCount "93"]

1. e4 e6 2. d4 d5 3. e5 c5 4. c3 cxd4 5. cxd4 Bb4+ 6. Bd2 Bxd2+ 7. Nxd2 Ne7 8.
Bd3 Nbc6 9. Ngf3 Bd7 10. O-O Rc8 11. Nb3 b6 12. Rc1 Nb4 13. Ng5 Nxd3 14. Qxd3
g6 15. Qf3 Nf5 16. g4 Qxg5 17. Rxc8+ Bxc8 18. Rc1 Ne7 19. h3 O-O 20. Rc7 Re8
21. Kh2 Ba6 22. Rxa7 Bc4 23. Qg3 Bxb3 24. f4 Qh6 25. axb3 Qf8 26. h4 Nc6 27.
Rb7 Qb4 28. Qc3 Qxd4 29. Qxd4 Nxd4 30. Rxb6 Rc8 31. Kh3 Rc2 32. h5 gxh5 33.
gxh5 h6 34. Rb4 Ne2 35. Kg4 Ng1 36. Kg3 Ne2+ 37. Kg4 d4 38. f5 d3 39. Kf3 Ng1+
40. Ke3 d2 41. Rg4+ Kf8 42. Rd4 Rxb2 43. f6 Rxb3+ 44. Kxd2 Rb8 45. Rg4 Rb2+ 46.
Kc1 Ne2+ 47. Kxb2 1-0

[Event "Tournoi Skype 008"]
[Site "Skype"]
[Date "????.??.??"]
[Round "3.19"]
[White "Dubois, Real"]
[Black "Philibert, Andre"]
[Result "1-0"]
[WhiteElo "1500"]
[BlackElo "1299"]
[PlyCount "51"]

1. d4 d5 2. e3 Nf6 3. Bd3 e6 4. Nf3 Bd6 5. b3 O-O 6. O-O Re8 7. Bb2 Nc6 8. a3
e5 9. dxe5 Bxe5 10. Bxe5 Nxe5 11. Nxe5 Rxe5 12. Nd2 Rg5 13. Nf3 Rg6 14. Bxg6
fxg6 15. h3 Ne4 16. c4 c6 17. cxd5 cxd5 18. Qd4 g5 19. Rac1 g4 20. hxg4 Bxg4
21. Ne5 Bf5 22. Rfd1 Qh4 23. Qxd5+ Kh8 24. Nf7+ Kg8 25. Nh6+ Kf8 26. Qf7# 1-0

[Event "Tournoi Skype 008"]
[Site "Skype"]
[Date "????.??.??"]
[Round "3.20"]
[White "Coruble, Didier"]
[Black "Ahmed, Tauseef"]
[Result "0-1"]
[WhiteElo "1429"]
[BlackElo "1499"]
[PlyCount "78"]

1. e4 e5 2. Bc4 Nf6 3. Nc3 d6 4. a3 Bg4 5. Nge2 Be6 6. Bxe6 fxe6 7. O-O d5 8.
exd5 exd5 9. d4 e4 10. Be3 Bd6 11. Ng3 O-O 12. Nce2 Ng4 13. h3 Nxe3 14. fxe3
Qg5 15. Rxf8+ Kxf8 16. Qf1+ Kg8 17. Qf2 Nd7 18. Nf4 Rf8 19. Nge2 Nb6 20. Rf1
Nc4 21. g4 Nxb2 22. Qg2 Nc4 23. Qg3 Nxa3 24. Kh2 Nxc2 25. h4 Qe7 26. Qh3 Qd7
27. Kh1 c5 28. Rc1 Nb4 29. dxc5 Bc7 30. Rb1 Qb5 31. Ne6 Rf2 32. N2f4 Bxf4 33.
Nxf4 Qxc5 34. g5 Qc2 35. Qe6+ Kf8 36. Qd6+ Ke8 37. Qb8+ Kd7 38. Qxb7+ Ke8 39.
Qxb4 Rh2+ 0-1

[Event "Tournoi Skype 008"]
[Site "Skype"]
[Date "????.??.??"]
[Round "3.21"]
[White "Briere, Jean"]
[Black "Amnir, Wassime"]
[Result "1-0"]
[WhiteElo "1499"]
[BlackElo "1190"]
[PlyCount "93"]

1. e4 e5 2. Nf3 Nc6 3. d4 exd4 4. Nxd4 Nf6 5. Nc3 Bc5 6. Be3 Bb4 7. Bd3 O-O 8.
Nxc6 dxc6 9. Bd2 Bg4 10. f3 Be6 11. O-O Qd4+ 12. Kh1 Rad8 13. a3 Bc5 14. Re1
Qe5 15. f4 Qh5 16. Qxh5 Nxh5 17. f5 Bc8 18. Rad1 b5 19. Be3 Bb6 20. Bxb6 cxb6
21. Rf1 Rfe8 22. g4 Nf6 23. Be2 Nxe4 24. Rxd8 Rxd8 25. Nxe4 Rd5 26. Bf3 g6 27.
Nf6+ Kg7 28. Nxd5 cxd5 29. Bxd5 h5 30. f6+ Kf8 31. Bc6 Ba6 32. Re1 Kg8 33. Re8+
Kh7 34. g5 b4 35. Re7 Bc4 36. axb4 a5 37. b3 Be6 38. bxa5 bxa5 39. Ra7 Kg8 40.
Rxa5 h4 41. c4 h3 42. Bd5 Bd7 43. c5 Kf8 44. Ra8+ Be8 45. Bc6 Kg8 46. Rxe8+ Kh7
47. Re7 1-0

[Event "Tournoi Skype 008"]
[Site "Skype"]
[Date "????.??.??"]
[Round "3.22"]
[White "Vincent, Andre"]
[Black "Hague, Mark"]
[Result "1-0"]
[WhiteElo "1377"]
[BlackElo "1499"]
[PlyCount "51"]

1. d4 d5 2. c4 e6 3. Nc3 Nf6 4. e3 a6 5. Nf3 c6 6. Bd3 Bd6 7. O-O O-O 8. b3
Nbd7 9. Bb2 b5 10. a3 Bb7 11. c5 Bc7 12. Qc2 h6 13. Rfe1 Re8 14. e4 e5 15. dxe5
Bxe5 16. Nxe5 Nxe5 17. Rad1 Qc7 18. Ne2 Rad8 19. Ng3 dxe4 20. Bxe4 Rxd1 21.
Rxd1 Ned7 22. b4 Nxe4 23. Nxe4 Qf4 24. Nd6 Qxd6 25. cxd6 Re1+ 26. Rxe1 1-0

[Event "Tournoi Skype 008"]
[Site "Skype"]
[Date "????.??.??"]
[Round "3.23"]
[White "Belouin, Bruno"]
[Black "Khatanhar, Mohit"]
[Result "0-1"]
[WhiteElo "1350"]
[BlackElo "1499"]
[PlyCount "96"]

1. e4 e5 2. c4 c5 3. d3 g6 4. Nf3 Bg7 5. a3 d6 6. Be2 Be6 7. O-O Nf6 8. Nc3 b6
9. Ng5 Nc6 10. Nxe6 fxe6 11. f4 exf4 12. Bxf4 O-O 13. Rb1 Nd4 14. Bf3 Rf7 15.
e5 Nxf3+ 16. Qxf3 Nh5 17. Qe3 dxe5 18. Bxe5 Qd7 19. Rxf7 Qxf7 20. Rf1 Qe7 21.
Qe4 Rf8 22. Bxg7 Rxf1+ 23. Kxf1 Kxg7 24. Qe5+ Kh6 25. Ne4 Qd8 26. Ke2 Qh4 27.
Ke3 Qe1+ 28. Kf3 Qd1+ 29. Ke3 Qe1+ 30. Kf3 Qf1+ 31. Ke3 Qxg2 32. d4 cxd4+ 33.
Qxd4 Qxh2 34. Qd8 Qf4+ 35. Kd3 Qf3+ 36. Kd2 Qxe4 37. Qf8+ Kg5 38. Qe7+ Kh6 39.
Qxa7 Qxc4 40. Qxb6 Qd5+ 41. Kc2 Qe4+ 42. Kc3 Nf4 43. b4 Nd5+ 44. Kb3 Nxb6 45.
b5 Qc4+ 46. Kb2 Na4+ 47. Kb1 Qc3 48. b6 Qb2# 0-1

[Event "Tournoi Skype 008"]
[Site "Skype"]
[Date "????.??.??"]
[Round "3.24"]
[White "Mertz, Kathy"]
[Black "Baker, Abi"]
[Result "1-0"]
[WhiteElo "1499"]
[BlackElo "1000"]
[PlyCount "99"]

1. e4 c5 2. Nf3 Nf6 3. e5 Nd5 4. c4 Nf4 5. d3 Qa5+ 6. Bd2 Nxd3+ 7. Bxd3 Qb6 8.
Qb3 f6 9. Qxb6 axb6 10. exf6 gxf6 11. O-O Rg8 12. Nc3 d6 13. a3 Bg4 14. Be2 e5
15. Nh4 h5 16. h3 Be7 17. hxg4 hxg4 18. b4 f5 19. Nxf5 Nc6 20. b5 Nd4 21. Nxd4
cxd4 22. Nd5 Rc8 23. Nxe7 Kxe7 24. f3 g3 25. Bd3 Rg7 26. Rfe1 Rh8 27. f4 Rg4
28. fxe5 dxe5 29. Rxe5+ Kf6 30. Rf5+ Ke6 31. Re1+ Kd6 32. Rf6+ Kc7 33. Rh6 Ra8
34. Re7+ Kd8 35. Rh8+ Kxe7 36. Rxa8 Ke6 37. Rf8 Ke7 38. Bb4+ Kd7 39. Bf5+ Kc7
40. Bxg4 d3 41. Rf7+ Kd8 42. Rd7+ Kc8 43. Rxd3+ Kc7 44. Rd7+ Kc8 45. Rh7+ Kd8
46. Bd6 Ke8 47. Bh5+ Kd8 48. Bc7+ Kc8 49. Bxb6 Kb8 50. Rh8# 1-0

[Event "Tournoi Skype 008"]
[Site "Skype"]
[Date "????.??.??"]
[Round "3.25"]
[White "Vervoort, Jean-Louis"]
[Black "Raheja, Shiv"]
[Result "1/2-1/2"]
[WhiteElo "1155"]
[BlackElo "1499"]
[PlyCount "120"]

1. e4 e5 2. Nf3 Nc6 3. Nc3 Bc5 4. Bc4 Nf6 5. Ng5 O-O 6. O-O Ne7 7. d3 c6 8. Qf3
d5 9. exd5 cxd5 10. Bb3 h6 11. Nh3 Be6 12. Re1 Ng6 13. Be3 d4 14. Bd2 dxc3 15.
Bxc3 Bg4 16. Qg3 Qc7 17. Bxe5 Rae8 18. Bxc7 Be6 19. Bd6 Nh5 20. Qf3 Ne7 21.
Qxh5 Kh7 22. Qxc5 Rc8 23. Qxa7 Rfe8 24. Qxb7 Nf5 25. Bxe6 Nxd6 26. Bxc8 Nxb7
27. Rxe8 Nd6 28. Rd8 Nb5 29. Re1 Kg6 30. Nf4+ Kg5 31. Nh3+ Kg6 32. Rd5 Nc7 33.
Rg5+ hxg5 34. d4 Nb5 35. d5 Kh5 36. Rd1 Nd6 37. a4 g4 38. a5 gxh3 39. gxh3 Kg6
40. a6 Nxc8 41. d6 Nb6 42. d7 Nxd7 43. Rxd7 Kf6 44. a7 Ke6 45. Rb7 Kf6 46. a8=Q
Kg6 47. Rb6+ f6 48. Qe8+ Kf5 49. Qe6+ Kf4 50. Rb4+ Kg5 51. Qg4+ Kh6 52. Qh4+
Kg6 53. Rg4+ Kf7 54. Qh7 Ke6 55. Qxg7 Ke5 56. f4+ Ke4 57. Qxf6 Kf3 58. Rg3+ Ke4
59. Qe6+ Kd4 60. Qe5+ Kc4 1/2-1/2

[Event "Tournoi Skype 008"]
[Site "Skype"]
[Date "????.??.??"]
[Round "3.26"]
[White "Homme, Jim"]
[Black "Coude, Josue"]
[Result "1/2-1/2"]
[WhiteElo "1499"]
[BlackElo "1242"]
[PlyCount "71"]

1. e4 e5 2. Nf3 Nc6 3. Bc4 Bc5 4. O-O Nf6 5. d3 d6 6. Re1 Bg4 7. Be3 O-O 8.
Bxc5 dxc5 9. Nc3 Nd4 10. Nd5 Nxf3+ 11. gxf3 Bh3 12. Qd2 c6 13. Nf4 exf4 14.
Qxf4 Nh5 15. Qe5 Qf6 16. Qxh5 Be6 17. e5 Qe7 18. Bxe6 Qxe6 19. Qh4 Qg6+ 20. Kh1
Rfe8 21. Rg1 Qe6 22. Qg3 g6 23. f4 Qd5+ 24. f3 Qd4 25. Qg5 Qxb2 26. Rae1 Qxc2
27. f5 Qxd3 28. e6 Qxf3+ 29. Rg2 Rad8 30. e7 Rd1 31. Rxd1 Qxd1+ 32. Rg1 Qf3+
33. Rg2 Qd1+ 34. Rg1 Qf3+ 35. Rg2 Qd1+ 36. Rg1 1/2-1/2

[Event "Tournoi Skype 008"]
[Site "Skype"]
[Date "????.??.??"]
[Round "3.27"]
[White "Martin, Elise"]
[Black "Ouellet, Emile"]
[Result "1-0"]
[WhiteElo "1234"]
[BlackElo "1331"]
[PlyCount "61"]

1. e4 e5 2. Nf3 Nc6 3. Nc3 Nf6 4. Bc4 Bc5 5. d3 d6 6. Bg5 Na5 7. Bb5+ c6 8. Ba4
O-O 9. Qd2 Qb6 10. Qc1 Ng4 11. O-O Bxf2+ 12. Rxf2 Qxf2+ 13. Kh1 Qd4 14. Nxd4
exd4 15. Ne2 c5 16. Qf4 f6 17. Bh4 Rd8 18. Rf1 g5 19. Qd2 Nc6 20. Bg3 Be6 21.
c3 Kg7 22. cxd4 cxd4 23. Nxd4 Nxd4 24. Qb4 Ne2 25. Be1 Rab8 26. Bd1 Nf4 27.
Bxg4 Bxg4 28. Qd4 Rbc8 29. Bc3 Be2 30. Qxf6+ Kg8 31. Qg7# 1-0

[Event "Tournoi Skype 008"]
[Site "Skype"]
[Date "????.??.??"]
[Round "3.28"]
[White "Clayton, Estelita"]
[Black "Melin, Christiane"]
[Result "1-0"]
[WhiteElo "1299"]
[BlackElo "1190"]
[PlyCount "31"]

1. e4 e5 2. f4 exf4 3. Nf3 Nf6 4. e5 Nd5 5. Nc3 d6 6. Nxd5 Be6 7. Nxf4 dxe5 8.
Nxe6 fxe6 9. Nxe5 Nc6 10. Nxc6 bxc6 11. Qe2 Qe7 12. Qh5+ Kd8 13. Be2 g6 14. Qe5
Bg7 15. Qe4 Qh4+ 16. Qxh4+ 1-0

[Event "Tournoi Skype 008"]
[Site "Skype"]
[Date "????.??.??"]
[Round "3.29"]
[White "Tang, Kim Oanh"]
[Black "Rival, Jocelyn"]
[Result "*"]
[WhiteElo "1299"]
[BlackElo "1160"]
[PlyCount "39"]

1. Nf3 Nf6 2. Nc3 d5 3. d4 Be6 4. Bg5 Ne4 5. e3 Nxf2 6. Kxf2 Nc6 7. Bb5 a6 8.
Ba4 b5 9. Bb3 Na5 10. Re1 h6 11. Bh4 c6 12. Kg1 g5 13. Bg3 Rg8 14. e4 dxe4 15.
Nxe4 Bd5 16. Bxd5 Qxd5 17. Nc5 Bg7 18. c3 Nc4 19. Qe2 Nxb2 20. Qxe7# *

[Event "Tournoi Skype 008"]
[Site "Skype"]
[Date "????.??.??"]
[Round "3.30"]
[White "Blaevoet, Rebecca"]
[Black "Armingaud, Jean-Claude"]
[Result "0-1"]
[WhiteElo "1138"]
[BlackElo "1294"]
[PlyCount "114"]

1. c4 e5 2. b3 Bc5 3. Bb2 Qf6 4. e3 Nc6 5. f4 Nh6 6. Nf3 O-O 7. Be2 d6 8. Qc2
Bf5 9. d3 Bxe3 10. Bc1 Bxf4 11. O-O e4 12. Bb2 Qg6 13. Nh4 Qg5 14. g3 Be3+ 15.
Rf2 Bxf2+ 16. Kxf2 e3+ 17. Ke1 Rae8 18. Nf3 Qg6 19. Qc3 f6 20. Nh4 Qf7 21. a4
a5 22. Na3 Ng4 23. Nc2 Nxh2 24. Nxf5 Qg6 25. Nfxe3 Qxg3+ 26. Kd1 Qg5 27. Nd5 h5
28. Nxc7 Re7 29. Nd5 Re6 30. Nd4 Nxd4 31. Qxd4 h4 32. Nc7 Re7 33. Qxd6 f5 34.
Qd5+ Kh8 35. Qxa5 h3 36. Qc5 Ng4 37. Bc1 Qf6 38. Rb1 h2 39. Bf3 Ne5 40. Bxb7
Nxd3 41. a5 Nxc5 42. Bb2 Qd6+ 43. Nd5 h1=Q+ 44. Kc2 Qe4+ 45. Kc3 Qxb1 46. a6
Qa2 47. Nb4 Qa5 48. a7 Qxa7 49. Kc2 Qxb7 50. Nd3 Nxd3 51. Ba1 Ne1+ 52. Kc3 Re4
53. Kb2 Qdb4 54. c5 Qxb3+ 55. Kc1 Qb1+ 56. Kd2 Rd8+ 57. Kc3 Qxa1# 0-1

[Event "Tournoi Skype 008"]
[Site "Skype"]
[Date "????.??.??"]
[Round "3.31"]
[White "Dhenain, Sebastien"]
[Black "Tamditi, Ibrahim"]
[Result "0-1"]
[WhiteElo "1290"]
[BlackElo "1140"]
[PlyCount "78"]

1. e4 d6 2. d4 Nf6 3. Nc3 Nbd7 4. Nf3 g6 5. e5 Nh5 6. Bc4 dxe5 7. Ng5 e6 8. Qf3
Qe7 9. Nb5 Nb6 10. dxe5 Nxc4 11. Qc3 c6 12. b3 Nxe5 13. Qxe5 Bg7 14. Nc7+ Kf8
15. Ngxe6+ Bxe6 16. Nxe6+ fxe6 17. Qe2 Bxa1 18. Qf3+ Kg7 19. O-O Rhf8 20. Qd3
Rad8 21. Qe2 Bd4 22. Bd2 Qd6 23. c3 Nf4 24. Bxf4 Qxf4 25. cxd4 Qxd4 26. Qxe6
Qd1 27. Qe5+ Rf6 28. Qe7+ Rf7 29. Qe5+ Kg8 30. h3 Qc2 31. Qe6 Qxa2 32. Re1 Kf8
33. Qg4 Qxb3 34. Qh4 Rd1 35. Qh6+ Kg8 36. h4 Rxe1+ 37. Kh2 Rxf2 38. h5 Qd5 39.
hxg6 Qxg2# 0-1

[Event "Tournoi Skype 008"]
[Site "Skype"]
[Date "????.??.??"]
[Round "3.32"]
[White "Rondeau, Anne-Frederique"]
[Black "Picard, Mario"]
[Result "0-1"]
[WhiteElo "1044"]
[BlackElo "1270"]
[PlyCount "21"]

1. Nf3 d5 2. d4 Nf6 3. Bf4 Nbd7 4. g3 c5 5. Bg2 e6 6. O-O Be7 7. Nc3 O-O 8. Re1
cxd4 9. Nxd4 e5 10. Be3 exd4 11. Bxd4 0-1

[Event "Tournoi Skype 008"]
[Site "Skype"]
[Date "????.??.??"]
[Round "3.33"]
[White "Porcabeuf, Jean-Marc"]
[Black "Gagnon, Sindy"]
[Result "1-0"]
[WhiteElo "1259"]
[BlackElo "1093"]
[PlyCount "41"]

1. d4 d5 2. c4 e6 3. Nf3 dxc4 4. e4 Nf6 5. Nc3 Nbd7 6. a3 Be7 7. Bxc4 b5 8.
Bxb5 O-O 9. O-O Rb8 10. Ba4 Nb6 11. Bb3 Ba6 12. Re1 Bd6 13. e5 Be7 14. exf6
Bxf6 15. Bc2 Re8 16. Ne4 Be7 17. b4 Nc4 18. Qd3 c6 19. Nc5 Qc7 20. Qxh7+ Kf8
21. Qh8# 1-0

[Event "Tournoi Skype 008"]
[Site "Skype"]
[Date "????.??.??"]
[Round "4.1"]
[White "Deville, Olivier"]
[Black "Hervais, Adrien"]
[Result "0-1"]
[WhiteElo "1899"]
[BlackElo "1992"]
[PlyCount "140"]

1. Nf3 d5 2. c4 c6 3. e3 Bf5 4. d4 e6 5. Nc3 Nf6 6. Nh4 Bg4 7. Qb3 b6 8. h3 Bh5
9. g4 Ne4 10. Nf3 Bg6 11. Ne5 Qf6 12. Nxe4 Bxe4 13. Rg1 Bd6 14. g5 Qf5 15. f4
Bxe5 16. dxe5 Nd7 17. Bd2 O-O 18. Bb4 Rfc8 19. O-O-O a5 20. Bd6 a4 21. Qc3 b5
22. c5 Ra7 23. Rg3 Rb7 24. h4 b4 25. Qd2 b3 26. a3 Ra8 27. g6 fxg6 28. Bh3 Qf7
29. Rdg1 Nf8 30. Rg5 Bf5 31. Bxf5 exf5 32. h5 Qe6 33. Bxf8 Rxf8 34. hxg6 h6 35.
R5g2 Rb5 36. Qd4 Qe7 37. Kb1 Qxc5 38. Qxc5 Rxc5 39. Rc1 Rxc1+ 40. Kxc1 Re8 41.
Kd2 Kf8 42. Kc3 c5 43. Rd2 Rd8 44. Rh2 Ke7 45. Kd3 Ke6 46. Rh1 d4 47. e4 c4+
48. Kxc4 fxe4 49. Rd1 d3 50. Kc3 Kf5 51. Kd2 Kxf4 52. Rf1+ Kxe5 53. Rf7 e3+ 54.
Kd1 d2 55. Re7+ Kf4 56. Rf7+ Ke4 57. Re7+ Kf5 58. Rxe3 Kxg6 59. Re4 Rc8 60.
Rxa4 Rc2 61. Rb4 Rxb2 62. a4 Ra2 63. Rxb3 Rxa4 64. Kxd2 h5 65. Ke3 Kh6 66. Kf3
Ra6 67. Kg3 g5 68. Rb5 Rf6 69. Ra5 h4+ 70. Kh3 Kg6 0-1

[Event "Tournoi Skype 008"]
[Site "Skype"]
[Date "????.??.??"]
[Round "4.2"]
[White "Harnandan, Sergio"]
[Black "Lambert, Pierre"]
[Result "0-1"]
[WhiteElo "1982"]
[BlackElo "1822"]
[PlyCount "52"]

1. d4 Nf6 2. Nc3 d5 3. e4 dxe4 4. f3 e6 5. fxe4 Bb4 6. e5 Nd5 7. Qg4 Nxc3 8.
Qxg7 Qh4+ 9. Kd2 Ne4+ 10. Kd3 Nf2+ 11. Kc4 b5+ 12. Kb3 Qxd4 13. Qxh8+ Kd7 14.
Bxb5+ c6 15. Bg5 Ba5 16. c3 Qg4 17. Nf3 cxb5 18. Rhd1+ Nxd1 19. Rxd1+ Kc7 20.
Qd8+ Kb7 21. Qxa5 Qc4+ 22. Kc2 Nc6 23. Qa3 a5 24. Qb3 Nb4+ 25. Kc1 Nxa2+ 26.
Kc2 Nb4+ 0-1

[Event "Tournoi Skype 008"]
[Site "Skype"]
[Date "????.??.??"]
[Round "4.3"]
[White "Plourde, Alain"]
[Black "Ayotte, Jocelyn"]
[Result "1/2-1/2"]
[WhiteElo "1789"]
[BlackElo "2110"]
[PlyCount "121"]

1. d4 c5 2. d5 f5 3. c4 g6 4. Nc3 Nf6 5. Nf3 Bg7 6. g3 O-O 7. Bg2 d6 8. O-O
Nbd7 9. Qc2 Ne5 10. Nxe5 dxe5 11. e4 f4 12. gxf4 Nh5 13. fxe5 Bxe5 14. Ne2 Qd6
15. f4 Nxf4 16. Nxf4 Bxf4 17. Bxf4 Rxf4 18. Rxf4 Qxf4 19. Qf2 Qxf2+ 20. Kxf2
Bd7 21. a4 Rf8+ 22. Ke3 Rf6 23. a5 g5 24. e5 Ra6 25. Ra3 b6 26. axb6 Rxa3+ 27.
bxa3 axb6 28. e6 Be8 29. h4 h6 30. hxg5 hxg5 31. Bf3 Kg7 32. Be2 Kf6 33. Kf2
Bg6 34. Kg3 Bf5 35. Kf3 Ke5 36. Kg3 Kd4 37. Bg4 Bg6 38. Be2 Kc3 39. d6 exd6 40.
e7 Be8 41. Kg4 Kb3 42. Kxg5 Kxa3 43. Bg4 Kb4 44. Be6 b5 45. cxb5 Kxb5 46. Kf4
Kc6 47. Kf5 Kb5 48. Ke4 Kc6 49. Kf5 d5 50. Ke5 d4 51. Bf5 Kb5 52. Bd3+ Kb4 53.
Kd5 Bf7+ 54. Ke4 Bg6+ 55. Kd5 Bf7+ 56. Ke4 Kc3 57. Bb5 Bg6+ 58. Kd5 Kb4 59. Be2
Be8 60. Bd3 Kc3 61. Be2 1/2-1/2